Music Quiz

Random Music or Bands Quiz

Top 100 Bands (1969) Quiz Stats

Quiz Updated Dec 30, 2017

Challenge
Share
Tweet
Score 0/100 Timer 12:00
3 Plays Today
Song Artist % Correct
Get BackThe Beatles with Billy Preston
93.7%
SomethingThe Beatles
93.7%
Come TogetherThe Beatles
93.7%
Honky Tonk WomenThe Rolling Stones
90.6%
Suspicious MindsElvis Presley
89.6%
In the GhettoElvis Presley
89.6%
Proud MaryCreedence Clearwater Revival
88.1%
Bad Moon RisingCreedence Clearwater Revival
88.1%
Green RiverCreedence Clearwater Revival
88.1%
Sweet CarolineNeil Diamond
87%
A Boy Named SueJohnny Cash
83.8%
Too Busy Thinking About My BabyMarvin Gaye
79.8%
That's the Way Love IsMarvin Gaye
79.8%
I Heard it Through the GrapevineMarvin Gaye
79.8%
Sugar, SugarThe Archies
75.8%
I'm Gonna Make You Love MeThe Supremes & The Temptations
71.1%
My Cherie AmourStevie Wonder
70.3%
Lay Lady LayBob Dylan
69.8%
Everyday PeopleSly and the Family Stone
68%
Hot Fun in the SummertimeSly and the Family Stone
68%
Aquarius/Let the Sunshine InThe 5th Dimension
66.7%
Wedding Bell BluesThe 5th Dimension
66.7%
I Can't Get Next to YouThe Temptations
64.1%
Runaway Child, Running WildThe Temptations
64.1%
Crimson and CloverTommy James & The Shondells
60.1%
Crystal Blue PersuasionTommy James & The Shondells
60.1%
GalvestonGlen Campbell
55.2%
Ruby, Don't Take Your Love to TownKenny Rogers & The First Edition
54.6%
OneThree Dog Night
51.1%
Easy to Be HardThree Dog Night
51.1%
Time of the SeasonThe Zombies
50.7%
These EyesThe Guess Who
49.8%
LaughingThe Guess Who
49.8%
Spinning WheelBlood, Sweat and Tears
48.4%
Song Artist % Correct
You've Made Me So Very HappyBlood, Sweat and Tears
48.4%
Touch MeThe Doors
47.3%
This Girl's in Love With YouDionne Warwick
47.3%
Everybody's Talkin' (Theme from 'Midnight Cowboy')Nilsson
41.2%
Hooked on a FeelingBJ Thomas
38.4%
Build Me Up ButtercupThe Foundations
37.5%
AtlantisDonovan
37%
In the Year 2525 (Exordium and Terminus)Zager and Evans
36.1%
Mother PopcornJames Brown
35.7%
I'll Never Fall in Love AgainTom Jones
35%
Love Me TonightTom Jones
35%
HairThe Cowsills
34.7%
DizzyTommy Roe
34%
GitarzanRay Stevens
31.9%
JeanOliver
27.6%
Good Morning StarshineOliver
27.6%
I've Gotta Be MeSammy Davis, Jr.
27.2%
Can I Change My MindTyrone Davis
26.8%
This Girl Is a Woman NowGary Puckett & The Union Gap
26.5%
Get TogetherThe Youngbloods
26.3%
Baby It's YouSmith
26%
You Showed MeThe Turtles
25.5%
Love Theme from Romeo and JulietHenry Mancini
25.2%
It's Your ThingThe Isley Brothers
24.5%
Baby, Baby Don't CrySmokey Robinson & The Miracles
23.6%
Ramblin' Gamblin' ManBob Seger System
23.4%
Hawaii Five-OThe Ventures
22.2%
I'd Wait a Million YearsThe Grass Roots
21.7%
The Chokin' KindJoe Simon
21.5%
Poke Salad AnnieTony Joe White
21.2%
This Magic MomentJay and the Americans
20.9%
Put a Little Love in Your HeartJackie DeShannon
20.4%
Twenty-Five MilesEdwin Starr
19.7%
Soul DeepThe Box Tops
17.1%
Song Artist % Correct
Sweet Cream LadiesThe Box Tops
17.1%
Mr. Sun, Mr. MoonPaul Revere & The Raiders
17%
More Today Than YesterdaySpiral Starecase
16.5%
Time is TightBooker T. & The MG's
16.5%
Hang 'Em HighBooker T. & The MG's
16.5%
TracesClassics IV featuring Dennis Yost
16.4%
Black PearlSonny Charles & Checkmates Ltd.
16.1%
Games People PlayJoe South
16.1%
Little WomanBobby Sherman
15.6%
The Worst That Could HappenBrooklyn Bridge
15.6%
Grazing in the GrassThe Friends of Distinction
15.5%
Going in CirclesThe Friends of Distinction
15.5%
Oh Happy DayEdwin Hawkins Singers
14.1%
Indian Giver1910 Fruitgum Company
14.1%
What Does It Take (To Win Your Love)Jr. Walker & The All Stars
13.2%
Only the Strong SurviveJerry Butler
12.9%
TracyThe Cuff Links
11.6%
It's Getting Better'Mama' Cass Elliot
11%
Hurt So BadThe Lettermen
10.5%
Gimme Gimme Good Lovin'Crazy Elephant
10.3%
Baby, I Love YouAndy Kim
10.2%
My Whole World Ended (The Moment You Left Me)David Ruffin
10.2%
Smile a Little Smile For MeThe Flying Machine
10.1%
Oh, What a NightThe Dells
9.9%
Love (Can Make You Happy)Mercy
9.6%
I'm Gonna Make You MineLou Christie
9.3%
Color Him FatherThe Winstons
7.5%
Your Good Thing (Is About to End)Lou Rawls
7.5%
Do Your ThingThe Watts 103rd Street Rhythm Band
6.5%
Things I'd Like to SayNew Colony Six
6.5%
When I DieMotherlode
6.4%
Baby, I'm For RealThe Originals
5.7%

You're not logged in!

Compare scores with friends on all Sporcle quizzes.
Join for Free
OR
Log In

You Might Also Like...

Show Comments

Extras

Top Quizzes Today


Score Distribution

Your Account Isn't Verified!

In order to create a playlist on Sporcle, you need to verify the email address you used during registration. Go to your Sporcle Settings to finish the process.

Report this User

Report this user for behavior that violates our Community Guidelines.

Details: